| 000 | 02596nam a2200397 a 4500 | ||
|---|---|---|---|
| 001 | |||
| 003 | DO-SdBNP | ||
| 005 | 20230324093407.0 | ||
| 008 | 090716s2008 dr a 001 0 spa d | ||
| 020 | _a9789945020304 | ||
| 040 |
_aDO-SdBNP _bspa _cBPMSU |
||
| 082 |
_a923.1097293 _bC343d 2008 _222 |
||
| 100 | 1 |
_aCassá, Roberto, _d1948- |
|
| 245 | 1 | 0 |
_aDictadores dominicanos del siglo XIX / _cRoberto Cassá ; editor Dantes Ortíz, Modesto E. Cuesta. |
| 260 |
_aSanto Domingo : _bArchivo General de la Nación : _bComisión Permanente de Efemérides Patrias, _c2008. |
||
| 300 |
_a97 p. : _bil. ; _c24 cm. |
||
| 490 | 0 |
_aJuvenil _v4 |
|
| 500 | _aIncluye datos biográficos del autor en la solapa de la cubierta. | ||
| 500 | _aIncluye referencias bibliográficas y notas al pie de las páginas | ||
| 505 | 1 |
_tPedro Santana, autócrata y anexionista : _tIntroducción -- _tAutócrata y anexionista -- _tInicios -- _tPreparación de la independencia -- _tJefe del frente sur -- _tConato de guerra civil con los trinitarios -- _tPrimera presidencia -- _tRuptura con Báez -- _tTercera administración -- _tPreparativos para la anexión a España -- _tCapitán general -- _tLa última batalla -- _tBibliografía -- _tBuenaventura Báez, cinco veces presidente : _tIntroducción -- _tAntecedentes familiares -- _tLos primeros pasos -- _tEn la Constituyente haitiana de 1843 -- _tEl plan Lavasseur -- _tBajo la sombra de Santana -- _tRedactor de la Constitución de 1844 -- _tPrimera presidencia -- _tNacimiento del baecismo -- _tDevaluación monetaria y guerra civil -- _tMariscal de campo -- _tRetorno a la presidencia -- _tGuerra con los azules -- _tLos seis años -- _tEl declive -- _gBibliografía -- _tUlises Heureaux, el tirano perfecto : _tLa ambigüedad del tirano -- _tLa formación del intrépido mambí -- _tHijo de Luperón -- _tEl ascenso fulgurante -- _tDe presidente a tirano -- _tEl ocaso -- _tEl 26 de julio -- _gBibliografía. |
|
| 590 | _6Inventariado, 2022/VM | ||
| 600 | 1 | 4 |
_aSantana, pedro, _d1801-1864 |
| 600 | 1 | 4 |
_aHeureaux, ulises, _d1845-1899 |
| 600 | 1 | 4 |
_aBáez, buenaventura, _d1812-1884 |
| 650 | 4 | _d | |
| 650 | 4 |
_aDictadores _zRepública Dominicana |
|
| 650 | 4 |
_aPresidentes _zRepública Dominicana |
|
| 651 | 4 |
_aRepública Dominicana _xHistoria, _y1844-1930 |
|
| 651 | 4 |
_aRepública Dominicana _xPolítica Y Gobierno _xHistoria |
|
| 700 | 1 |
_aOrtíz, Dantes, _eed. |
|
| 700 | 1 | _aCuesta, Modesto E. | |
| 710 | 2 | _aArchivo General de la Nación (República Dominicana) | |
| 710 | 2 | _aComisión Permanente de Efemérides Patrias, (República Dominicana) | |
| 910 | _aVMateo | ||
| 942 |
_2ddc _cMP |
||
| 999 |
_c13966 _d13966 |
||